|
|
|
|
| LEADER |
00000nas a2200000 a 4500 |
| 001 |
ssj0005956 |
| 003 |
WaSeSS |
| 005 |
20200512172242.0 |
| 006 |
m d |
| 007 |
cr n |
| 008 |
021107c19719999txufr pss 0 a0eng c |
| 010 |
|
|
|a 2002213957
|
| 016 |
7 |
|
|a 2093270-4
|2 DE-600
|
| 022 |
|
|
|a 1542-4251
|y 0149-1830
|
| 035 |
|
|
|a (WaSeSS)ssj0005956
|
| 037 |
|
|
|b University of Texas Press, P.O. Box 7819, Austin, TX 78713-7819
|
| 040 |
|
|
|a NSD
|b eng
|c NSD
|d MUQ
|d OCLCQ
|d WAU
|d OCLCQ
|d OCL
|d CUD
|d OCLCQ
|d OCLCO
|d OCLCF
|d OCLCQ
|d GILDS
|d OCLCO
|d AU@
|d VT2
|d TKN
|d OCLCO
|d CEF
|d OCLCO
|d AUD
|d DLC
|d WaSeSS
|
| 042 |
|
|
|a pcc
|a nsdp
|
| 050 |
1 |
4 |
|a PN1993
|
| 082 |
1 |
0 |
|a 791.43
|2 23
|
| 082 |
0 |
4 |
|a 791.4305
|
| 222 |
|
4 |
|a The velvet light trap
|b (Online)
|
| 245 |
0 |
4 |
|a The velvet light trap
|h [electronic resource].
|
| 260 |
|
|
|a Austin, TX :
|b University of Texas Press
|
| 310 |
|
|
|a Semiannual
|
| 362 |
1 |
|
|a Print began with no. 1 (June 1971).
|
| 506 |
|
|
|a License restrictions may limit access.
|
| 538 |
|
|
|a Mode of access: World Wide Web.
|
| 588 |
|
|
|a Description based on: No. 51 (spring 2003); title from contents (Project Muse, viewed Mar. 9, 2004).
|
| 588 |
|
|
|a Latest issue consulted: No. 53 (spring 2004) (viewed Mar. 9, 2004).
|
| 650 |
|
0 |
|a Motion pictures
|v Periodicals.
|
| 650 |
|
6 |
|a Cinéma
|v Périodiques.
|
| 650 |
|
7 |
|a Motion pictures.
|2 fast
|0 (OCoLC)fst01027285
|
| 655 |
|
0 |
|a Electronic journals.
|
| 776 |
0 |
8 |
|i Print version:
|t Velvet light trap
|x 0149-1830
|w (DLC) 74617094
|w (OCoLC)2587297
|
| 856 |
4 |
0 |
|z Full text available from Research Library: 10/01/2002 to 1 year ago
|u https://search.proquest.com/publication/35238
|